La caza al octubre rojo (Registro nro. 239974)

Detalles MARC
000 -ENCABEZADO
Número de control [NR] 02472 a2200373 4500
005 - FECHA Y HORA DE LA ÚLTIMA TRANSACCIÓN
control field 20140904104003.0
008 - DE LONGITUD FIJA DE DATOS DE ELEMENTOS - INFORMACIÓN GENERAL
Elementos de longitud fija [NR] 140301s1990 xx g 0 m mul d
040 ## - FUENTE DE CATALOGACION [NR]
Agencia de catalogación original [NR] CO-BoUCM
Idioma de catalogación [NR] spa
Quien Cataloga Jose A. Gerena (modificó)
Quien Clasifica [Nuevo]
041 ## - CODIGO DE IDIOMA [R]
Código de idioma para texto/pista de sonido o título separado [R] Inglés
041 ## - CODIGO DE IDIOMA [R]
Código de idioma para texto/pista de sonido o título separado [R] Español
092 ## - SIGNATURA TOPOGRAFICA LOCAL
Número de clasificación local DVD 1323
245 03 - MENCION DE TITULO [NR]
Título [NR] La caza al octubre rojo
Mención de responsabilidad, etc. [NR] John McTiernan, director
Medio físico [NR] [DVD]
246 13 - FORMA VARIANTE DEL TITULO [R]
Título propiamente dicho/forma breve del título [NR] The hunt for red october
260 ## - PUBLICACION, DISTRIBUCION, ETC. (PIE DE IMPRENTA) [R]
Lugar de publicación, distribución, etc. [R] [Lugar desconocido]
Nombre del editor, distribuidor, etc. [R] Paramount Pictures
Fecha de publicación, distribución, etc. [R] 1990
300 ## - DESCRIPCION FISICA [R]
Extensión [R] 1 DVD, 135 minutos
Otros detalles físicos [NR] imagen, sonido, color
500 ## - NOTA GENERAL [R]
Nota general [NR] SINOPSIS: Un nuevo y tecnológicamente superior submarino nuclear soviético, el Octubre Rojo, se acerca a las costas de los Estados Unidos bajo el mando del capitán Marko Ramius. El gobierno estadounidensepiensa que Ramius está planeando atacar. Un analista solitario de la CIA tiene una idea diferente: piensa que Ramius está planeando desertar, pero tiene sólo pocas horas para encontrarlo y probar su teoría ya que toda la fuerza naval y la fuerza aérea rusa lo están buscando, también [Tomado de la fuente]
508 ## - NOTA DE CREDITOS DE CREACION/PRODUCCION [R]
Nota de créditos de creación/producción [NR] CRÉDITOS: Dirigida por John McTiernan ; guion por Larry Ferguson y Donald Stewart ; música por Basil Poledouris ; fotografía por Jan de Bont ; diseño de producción por Terence Marsh ; dirección de arte por William Cruse ; ambientación por Mickey S. Michaels ; vestuario por James W. Tyson
511 ## - NOTA DE PARTICIPANTE O INTERPRETE [R]
Nota de participante o intérprete [NR] REPARTO: Sean Connery, Alec Baldwin, Scott Glenn, Sam Neill, James Earl Jones, Joss Ackland, Richard Jordan, Peter Firth, Tim Curry, Courtney B. Vance
520 ## - NOTA DE RESUMEN, ETC. [R]
Nota de sumario, etc. [NR] Basada en la novela bestseller de Tom Clancy del mismo nombre
546 ## - NOTA DE IDIOMA [R]
Nota de idioma [NR] Audio en inglés y español. Subtítulos en inglés, español y portugués
586 ## - NOTA DE PREMIOS [R]
Nota de premios [NR] Ganadora de un premio de la Academia, 1991 (mejores efectos de sonido)
650 #7 - ASIENTO SECUNDARIO DE MATERIA - TERMINO TEMATICO [R]
9 (RLIN) 57698
Término temático o nombre geográfico como elemento de entrada [NR] Cine de suspenso
Subdivisión de forma [R] DVD
650 #7 - ASIENTO SECUNDARIO DE MATERIA - TERMINO TEMATICO [R]
9 (RLIN) 51326
Término temático o nombre geográfico como elemento de entrada [NR] Películas cinematográficas
Subdivisión geográfica [R] Estados Unidos
Subdivisión de forma [R] DVD
650 #7 - ASIENTO SECUNDARIO DE MATERIA - TERMINO TEMATICO [R]
9 (RLIN) 51342
Término temático o nombre geográfico como elemento de entrada [NR] Películas de acción
Subdivisión de forma [R] DVD
650 #7 - ASIENTO SECUNDARIO DE MATERIA - TERMINO TEMATICO [R]
Término temático o nombre geográfico como elemento de entrada [NR] Táctica naval
Subdivisión de forma [R] DVD
9 (RLIN) 57723
690 ## - ASUNTO AGREGADO LOCAL DE ENTRADA - TÉRMINO TEMÁTICO (OCLC, RLIN)
9 (RLIN) 42805
Acceso temático local Entretenimiento
700 1# - ASIENTO SECUNDARIO - NOMBRE PERSONAL [R]
Nombre personal [NR] McTiernan, John
Término de relación [R] director
9 (RLIN) 57624
710 2# - ASIENTO SECUNDARIO - NOMBRE CORPORATIVO [R]
Nombre corporativo o de jurisdicción como elemento de entrada [NR] Paramount Pictures
9 (RLIN) 48549
710 2# - ASIENTO SECUNDARIO - NOMBRE CORPORATIVO [R]
Nombre corporativo o de jurisdicción como elemento de entrada [NR] Mace Neufeld Productions
9 (RLIN) 57334
710 2# - ASIENTO SECUNDARIO - NOMBRE CORPORATIVO [R]
Nombre corporativo o de jurisdicción como elemento de entrada [NR] Nina Saxon Film Design
9 (RLIN) 57625
765 0# - ASIENTO DE IDIOMA ORIGINAL [R]
Título [NR] The hunt for red october
856 40 - LOCALIZACION Y ACCESO ELECTRONICOS [R]
Identificador Uniforme del Recurso (“URI”) [R] <a href="https://www.youtube.com/watch?v=kxL8uBmdulY">https://www.youtube.com/watch?v=kxL8uBmdulY</a>
Nota dirigida al público [R] Siga este enlace para ver el trailer
-- Trailer tomado del canal Paramount Movies vía YouTube.com
942 ## - ELEMENTOS DE ENTRADA AGREGADOS (KOHA)
Source of classification or shelving scheme LOCAL
Tema principal Entretenimiento
Koha item type Multimedia
Edition 1
Classification part DVD 1323
Existencias
Suprimido Perdido Sistema de clasificación Dañado No prestable Tipo de ítem específico Ubicación habitual Ubicación actual Localización Fecha de creación Proveedor Forma de adquisición Costo Signatura topográfica Código de barras Última vez visto Ejemplar Costo de reposición Price effective from Tipo de ítem Total préstamos Total Renewals Fecha de último préstamo
    LOCAL     DVD Claustro Claustro Colección digital 01/03/2014   Donación 26000.00 DVD 1323 100141063 10/12/2024 Ej.2   01/03/2014 Multimedia 1 1 19/02/2016
    LOCAL   Préstamo restringido DVD Procesos Técnicos (no para préstamo) Procesos Técnicos (no para préstamo) Procesos Técnicos 18/02/2014 12 Donación 26000.00 DVD 1323 100141059 09/12/2025 Ej.1 26000.00 18/02/2014 Multimedia